| 000 | 01824cam a2200325 i 4500 | ||
|---|---|---|---|
| 001 | 18218492 | ||
| 003 | PILC | ||
| 005 | 20150909132651.0 | ||
| 008 | 140709s2014 stka b 001 0 eng | ||
| 010 | _a 2013372202 | ||
| 020 | _a9780702051456 (pbk) | ||
| 020 | _a9780702051463 (international) | ||
| 040 |
_aDLC _beng _erda _cDLC |
||
| 042 | _apcc | ||
| 050 | 0 | 0 |
_aRG 524 _b.M985 2003 |
| 082 | 0 | 0 | _a618.2 |
| 130 | 0 | _aTextbook for midwives (Churchill Livingstone) | |
| 245 | 1 | 0 | _aMyles textbook for midwives. |
| 250 |
_a14th edition / _bedited by Jayne E. Marshall, PhD, MA, PGCEA, ADM, RM, RGN, Head of School of Midwifery and Child Health, Faculty of Health, Social Care and Education, St. Georges, University of London/Kingston University, UK, Former Associate Professor in Midwifery, Director for Postgraduate Taught Studies in Midwifery, University of Nottingham, Academic Division of Midwifery, School of Health Sciences, Faculty of Medicine and Health Sciences, Postgraduate Education Centre, Nottingham, UK, Maureen D. Raynor, MA, PGCEA, ADM, RMN, RN, RM, Lecturer and Supervisor of Midwives, University of Nottingham, Academic Division of Midwifery, School of Health Sciences, Faculty of Medicine and Health Sciences, Postgraduate Education Centre, Nottingham, UK ; foreword by Emeritus Professor Diane M. Fraser. |
||
| 260 |
_aEdinburgh : _bChurchill Livingstone, _c2003. |
||
| 300 |
_axvii, 780 pages : _billustrations (some color) ; _c26 cm. |
||
| 500 | _aRevision of: Textbook for midwives. | ||
| 500 | _aIncludes bibliographical references and index. | ||
| 650 | 0 | _aMidwifery. | |
| 700 | 1 | _aMarshall, Jayne E. | |
| 700 | 1 | _aRaynor, Maureen D. | |
| 906 |
_a7 _bcbc _corigcop _d2 _encip _f20 _gy-gencatlg |
||
| 942 |
_2lcc _cBK _kFOR |
||
| 999 |
_c288661 _d288661 |
||